Municipios más poblados de Salamanca - Estadísticas

Estadísticas generales
  • Esta prueba ha sido intentada 114 veces
  • La puntuación promedio es 11 de 15
Estadísticas de respuestas
Población Municipio % Correcto
142.412 Salamanca
98%
11.973 Ciudad Rodrigo
94%
12.099 Béjar
93%
5.495 Guijuelo
87%
14.661 Santa Marta de Tormes
87%
5.092 Alba de Tormes
75%
7.402 Villamayor
72%
2.380 Vitigudino
72%
6.099 Peñaranda de Bracamonte
70%
7.424 Carbajosa de la Sagrada
65%
6.494 Villares de la Reina
63%
4.276 Cabrerizos
56%
2.918 Castellanos de Moriscos
52%
2.417 Aldeatejada
48%
3.094 Terradillos
21%
No se encontraron pruebas coincidentes
Distribución de puntuación
Porcentaje de gente con cada puntuación
Porcentaje por número respondido
Historial de tus puntuaciones
No has intentado esta prueba.